all Fnaf animatronics by category - Statistics

General Stats
  • This quiz has been taken 35 times
  • The average score is 89 of 259
Answer Stats
Hint Answer % Correct
Freddy Fazbear freddy
100%
nightmare
100%
withered freddy
100%
phantom freddy
96%
toy freddy
96%
Golden Freddy golden freddy
91%
shadow freddy
91%
funtime freddy
87%
nightmare fredbear
87%
nightmare freddy
87%
rockstar freddy
87%
Bonnie the bunny bonnie
83%
Chica the chicken chica
83%
withered golden freddy
83%
Foxy the pirate fox foxy
78%
freddles
78%
nightmare bonnie
78%
nightmare foxy
78%
rockstar bonnie
78%
rockstar chica
78%
rockstar foxy
78%
withered bonnie
78%
Balloon animatronics balloon boy
74%
glamrock chica
74%
glamrock freddy
74%
Mangle mangle
74%
nightmare mangle
74%
shadow bonnie
74%
toy bonnie
74%
withered chica
74%
withered foxy
74%
endoskeletons endo 01
70%
Fredbear fredbear
70%
funtime foxy
70%
jj
70%
molten freddy
70%
Mediocre Melodies neddbear
70%
nightmare chica
70%
nightmarionne
70%
phantom chica
70%
toy chica
70%
Baby circus baby
65%
endo 02
65%
ennard
65%
happy frog
65%
lefty
65%
phantom puppet
65%
pigpatch
65%
springtrap
65%
burntrap
61%
funtime chica
61%
glamrock bonnie
61%
jack o chica
61%
mr hippo
61%
music music man
61%
phantom mangle
61%
the Puppet / Marionette puppet
61%
scrapbaby
61%
William Afton spring bonnie
61%
sun
61%
yenndo
61%
Ballora ballora
57%
bonbon
57%
cupcakes cupcake
57%
dee dee
57%
glamrock endo
57%
jack o bonnie
57%
montgomery gator
57%
nightmare endo
57%
orville elephant
57%
phantom foxy
57%
plushtrap
57%
glamrocks roxanne wolf
57%
bonnet
52%
dj music man
52%
moon
52%
mr hugs
52%
nightmare balloon boy
52%
phantom balloon boy
52%
mr can do
48%
nightmare cupcake
48%
trash and the gang pan stan
48%
security puppet
48%
the blob
48%
toy cupcake
48%
xor
48%
bucket bob
43%
lolbit
43%
minireena
43%
no 1 crate
43%
dreadbear
39%
funtime cupcake
39%
glitchtrap
39%
jack o lantern
39%
shamrock freddy
39%
crawlers bidybab
35%
electrobab
35%
magician
35%
shadow puppet
35%
adventure freddy
30%
chocolate bonnie
30%
easter bonnie
30%
eclipse
30%
eggbaby
30%
firework freddy
30%
freddy frostbear
30%
golden cupcake
30%
grimm foxy
30%
lemonade clown
30%
map bot
30%
plushbaby
30%
prize king
30%
shadow mangle
30%
the mimic
30%
vr toy freddy
30%
woodland toy freddy
30%
adventure nightmare
26%
adventure nightmare freddy
26%
adventure toy freddy
26%
dark freddy
26%
fruit punch clown
26%
great escape golden freddy
26%
helpy
26%
lil music man
26%
melted chocolate bonnie
26%
phantom bonnie
26%
prototype glamrock freddy
26%
shadow cupcake
26%
adventure bonnie
22%
adventure jack o chica
22%
adventure nightmare bonnie
22%
adventure nightmare chica
22%
adventure nightmare foxy
22%
adventure nightmare fredbear
22%
adventure phantom freddy
22%
adventure shadow bonnie
22%
adventure toy bonnie
22%
adventure withered bonnie
22%
aeronaut toy freddy
22%
bonnie paper pal
22%
decorations candy cadet
22%
captain foxy
22%
comedy bot
22%
el chip
22%
paper pals freddy paper pal
22%
glamrock mr hippo
22%
liberty chica
22%
others little joe
22%
magician mangle
22%
neon bonnie
22%
neon chica
22%
nightmarionne bot
22%
party freddy
22%
serpent mangle
22%
shadow balloon boy
22%
shattered glamrock freddy
22%
sunken toy bonnie
22%
system error toy bonnie
22%
adventure chica
17%
adventure foxy
17%
adventure golden freddy
17%
adventure jack o bonnie
17%
adventure shadow freddy
17%
adventure toy chica
17%
adventure withered chica
17%
adventure withered foxy
17%
arctic ballora
17%
big bad foxy
17%
blackheart bonnie
17%
black ice frostbear
17%
boulder toy bonnie
17%
burnt foxy
17%
dark foxy
17%
frostbite balloon boy
17%
gumball swivelhands
17%
high score toy chica
17%
human heads
17%
little red chica
17%
phantom shadow freddy
17%
ringmaster foxy
17%
security bot
17%
adventure balloon boy
13%
adventure endo 01
13%
adventure funtime foxy
13%
adventure jj
13%
adventure mangle
13%
adventure nightmare balloon boy
13%
adventure nightmarionne
13%
adventure phantom balloon boy
13%
adventure phantom chica
13%
adventure phantom puppet
13%
adventure puppet
13%
alien bot
13%
catrina toy chica
13%
clockwork ballora
13%
clown springtrap
13%
driver assist bot
13%
heartsick baby
13%
mop bot
13%
piranha plushtrap
13%
radioactive foxy
13%
ruin glamrock chica
13%
scorching chica
13%
shattered glamrock chica
13%
swamp balloon boy
13%
the curse
13%
the entity
13%
vanny
13%
adventure lolbit
9%
adventure phantom foxy
9%
adventure phantom mangle
9%
adventure spring bonnie
9%
attendant bot
9%
broiler baby
9%
clockwork minireena
9%
dark springtrap
9%
endoplush
9%
flamethrower endo
9%
flaming springtrap
9%
fortune teller
9%
frost plushtrap
9%
giant cupcake
9%
helpi
9%
instructor bot
9%
jetpack balloon boy
9%
magician bot
9%
mendo
9%
party bot
9%
scrap plushbaby
9%
shattered glamrock bonnie
9%
shattered roxanne wolf
9%
toxic springtrap
9%
virtua freddy
9%
wet floor bot
9%
bots worker bot
9%
adventure springtrap
4%
balloon boy paper pal
4%
dark water endo
4%
haunting freddy
4%
moldy cupcake
4%
nanny bot
4%
plushkin
4%
ruin roxanne wolf
4%
server bot
4%
shattered montgomery gator
4%
tangle
4%
torch cupcake
4%
8 bit cupcake
0%
calavera cupcake
0%
hand unit
0%
ruin montgomery gator
0%
ruin moon
0%
ruin sun
0%
scorching cupcake
0%
withered lil music man
0%
withered staff bot
0%
withered wet floor bot
0%
withered worker bot
0%
No matching quizzes found
Score Distribution
Percent of People with Each Score
Percentile by Number Answered
Your Score History
You have not taken this quiz